000 00285nam a2200121Ia 4500
008 240731s9999 xx 000 0 und d
022 _a1759-7633
245 0 _aTang Studies
260 _bRoutledge
856 _uhttps://www.tandfonline.com/loi/ytng20
942 _2ddc
942 _cTFEJ
999 _c79804
_d79804
945 _a1
_bMadushi Gamage
_c1
_dMadushi Gamage